Statistics for Top 10 Atletico Madrid Starting XI

Click here to take the quiz!

General Stats

  • This quiz has been taken 1,076 times
    (550 since last reset)
  • The average score is 31 of 59

Answer Stats

TeamPlayer% Correct
2013-14Thibaut Courtois
99%
2014-15, 2015-16, 2016-17, 2017-18, 2022-23Antoine Griezmann
98%
2015-16, 2016-17, 2017-18, 2020-21, 2022-23Jan Oblak
98%
2012-13, 2013-14, 2014-15, 2015-16, 2016-17, 2017-18Diego Godín
96%
2012-13, 2013-14, 2014-15, 2015-16, 2016-17, 2017-18, 2020-21, 2022-23Koke
93%
2020-21Luis Suárez
91%
2016-17, 2017-18, 2020-21Stefan Savić
91%
2015-16, 2016-17, 2020-21, 2022-23Yannick Carrasco
91%
2012-13Mario Suárez
90%
2015-16, 2022-23José Giménez
89%
2012-13, 2013-14, 2014-15Arda Turan
88%
2015-16, 2016-17, 2017-18, 2020-21Saúl Ñíguez
87%
2020-21Kieran Trippier
86%
2017-18, 2020-21Ángel Correa
85%
2012-13, 2013-14, 2014-15, 2015-16, 2016-17Juanfran
84%
2012-13, 2013-14, 2015-16, 2016-17Filipe Luís
83%
2017-18Thomas Partey
83%
2014-15Mario Mandžukić
81%
2012-13, 2013-14, 2014-15, 2015-16, 2016-17, 2017-18Gabi
79%
2012-13, 2013-14Diego Costa
78%
2012-13, 2013-14, 2014-15Miranda
78%
2012-13Radamel Falcao
78%
2022-23Álvaro Morata
76%
2015-16Fernando Torres
76%
2022-23Rodrigo De Paul
72%
2020-21, 2022-23Marcos Llorente
71%
2013-14, 2014-15Tiago
69%
2022-23Axel Witsel
68%
2013-14David Villa
68%
2022-23Nahuel Molina
67%
1995-96José Molina
66%
2017-18Šime Vrsaljko
65%
2017-18Lucas Hernández
64%
2020-21Felipe
60%
2020-21, 2022-23Mario Hermoso
57%
2016-17Kévin Gameiro
50%
2014-15Ángel Moyá
38%
1991-92Gabriel Moya
38%
1995-96Diego Simeone
37%
2014-15Guilherme Siqueira
23%
1991-92Bernd Schuster
17%
1991-92Paulo Futre
17%
1995-96Milinko Pantić
9%
1995-96José Luis Caminero
8%
1995-96Kiko
8%
1995-96Lyuboslav Penev
8%
1991-92Abel Resino
6%
1995-96Juan Vizcaíno
5%
1991-92Juan Vizcaíno
5%
1995-96Roberto Solozábal
5%
1991-92Roberto Solozábal
5%
1991-92Tomás Reñones
5%
1995-96Delfí Geli
4%
1991-92Manolo
4%
1995-96Santi
4%
1991-92Toni Muñoz
4%
1995-96Toni Muñoz
4%
1991-92Donato
3%
1991-92Juanito
2%

Score Distribution

Percentile by Number Answered

Percent of People with Each Score

Your Score History

You have not taken this quiz since the last reset